00831nam a2200181 a 4500003000200000005001700002008004100019050003100060100002500091245013100116260009200247300004800339504004100387650006300428650006100491650003700552650006000589020250617152443.0021115s19uu xx 00 eng d aPGS HD 2346.P6b.D231 1999 aDaswani, Lee Ryan R. aThe effect of the recent economic crisis to small scale business in the Parañaque - Las Piñas area /cDaswani, Lee Ryan R. aLas Piñas City, Philippines : bSouthville International School and Colleges,c1999. a36 pages :bcolored illustrations ;c28 cm. aIncludes bibliographical references. aSmall businesszPhilippineszParañaque (Metro Manila).  aSmall businesszPhilippineszLas Piñas (Metro Manila). aFinancial criseszPhilippines.  aBusiness enterpriseszEconomic conditionszPhilippines.